| 000 | 00586nam a2200193Ii 4500 | ||
|---|---|---|---|
| 003 | JO-AjNU | ||
| 008 | 230605s9999||||xx |||||||||||||| ||und|| | ||
| 040 |
_aJO-AjNU _bara _erda _cJO-AjNU |
||
| 041 | _aara | ||
| 050 | 1 | 4 | _aBP135.A2.N313.1988 |
| 100 | 3 |
_aسعد، عبدالرحمن, _eauthor _956337 |
|
| 245 | 0 | 0 | _aرياض الصالحين، ج2 |
| 264 | 3 | 1 | _aد،م: د،ن، 1988 |
| 300 | _aج2، 550ص | ||
| 336 |
_atext _btxt _2rdacontent |
||
| 337 |
_aunmediated _bn _2rdamedia |
||
| 338 |
_avolume _bnc _2rdacarrier |
||
| 650 | 4 |
_a حديث شريف -- مجموعات _956338 |
|
| 999 |
_aA25181 _c28749 _d28749 |
||